[Event "Xtracon Chess Open 2018"]
[Site "Elsinore"]
[Date "2018.07.24"]
[Round "5"]
[White "Kizatbay, Abyl"]
[Black "Carlstedt, Jonathan"]
[Result "0-1"]
[WhiteElo "2088"]
[BlackElo "2425"]
[EventDate "2018.07.21"]
[WhiteFideId "1521853"]
[BlackFideId "24614386"]

1.e4 g6 2.d4 Bg7 3.Nc3 a6 4.a4 d6 5.f4 b6 6.Nf3 Bb7 7.Bd3 Nd7 8.O-O c5 9.
Be3 Ngf6 10.Kh1 O-O 11.Bg1 cxd4 12.Bxd4 Nc5 13.Qe2 Qc8 14.Rae1 Qg4 15.Nd2 
Qxe2 16.Rxe2 Bc6 17.Nc4 Rab8 18.a5 b5 19.Nb6 e6 20.b4 Ncd7 21.e5 Ng4 22.
Nxd7 Bxd7 23.h3 Nh6 24.g4 Bc6+ 25.Ne4 Nf5 26.gxf5 exf5 27.Kh2 fxe4 28.Bxe4
Bxe4 29.Rxe4 Rfe8 30.Rfe1 Re6 31.c3 Rbe8 32.R4e3 dxe5 33.fxe5 Bh6 34.Re4 
f6 35.Kg3 f5 36.R4e2 Bf8 37.Kf4 Kf7 38.Rd1 Rc6 39.Rg2 Rd8 40.Kf3 Rxc3+ 41.
Bxc3 Rxd1 42.Rc2 Rd3+ 43.Kg2 Ke6 44.Be1 Kxe5 0-1

[Event "Xtracon Chess Open 2018"]
[Site "Elsinore"]
[Date "2018.07.24"]
[Round "5"]
[White "Poulsen, Iver"]
[Black "Aabling-Thomsen, Jakob"]
[Result "0-1"]
[WhiteElo "2133"]
[BlackElo "2379"]
[EventDate "2018.07.21"]
[WhiteFideId "1405110"]
[BlackFideId "1407589"]

1.e4 g6 2.d4 Bg7 3.Nc3 d6 4.f4 a6 5.Nf3 b5 6.Bd3 Bb7 7.Be3 Nd7 8.e5 e6 9.
Be4 d5 10.Bd3 Bf8 11.Ne2 c5 12.c3 Qc7 13.O-O Ne7 14.Bf2 Nc6 15.Rc1 O-O-O 
16.Ng5 c4 17.Bb1 Nb6 18.Nf3 h6 19.Bh4 Be7 20.Qe1 Rdg8 21.Bxe7 Nxe7 22.Qd2 
Qd8 23.g4 g5 24.fxg5 Rg7 25.h4 hxg5 26.hxg5 Ng6 27.Bxg6 fxg6 28.Kg2 Nd7 
29.Rh1 Rf8 30.Rcf1 Rgf7 31.Rh6 Qe8 32.Qe3 Bc6 33.Nd2 Rxf1 34.Nxf1 Nc5 35.
Rh3 Nd3 36.Kg1 Nxb2 37.Nh2 Nd1 38.Qd2 Nf2 39.Rf3 Ne4 40.Qe3 a5 41.Ng3 Rxf3
42.Qxf3 b4 43.Nxe4 dxe4 44.Qe3 Bd5 45.Qd2 Qa4 46.Nf1 b3 47.axb3 cxb3 48.
Qf4 b2 49.Qf8+ Kb7 50.Qe7+ Ka6 51.Qd6+ Qc6 52.Qa3 b1=Q 0-1

[Event "Xtracon Chess Open 2018"]
[Site "Elsinore"]
[Date "2018.07.24"]
[Round "5"]
[White "Taylor, Adam C"]
[Black "Lahlum, Hans Olav"]
[Result "1-0"]
[WhiteElo "2326"]
[BlackElo "2122"]
[EventDate "2018.07.21"]
[WhiteFideId "424668"]
[BlackFideId "1501348"]

1.Nf3 d5 2.g3 e6 3.Bg2 Nf6 4.O-O c5 5.c4 d4 6.e3 Nc6 7.exd4 cxd4 8.d3 Bd6 
9.Na3 a6 10.Nc2 e5 11.b4 O-O 12.c5 Bc7 13.Bg5 h6 14.Bxf6 Qxf6 15.Nd2 Qg6 
16.a4 Bg4 17.Bf3 Bf5 18.Be4 Bxe4 19.Nxe4 f5 20.Nd2 Ne7 21.Qf3 Qc6 22.Qxc6 
bxc6 23.Rfe1 Nd5 24.Nc4 Rfe8 25.a5 Kf7 26.Nb6 Rad8 27.f3 g5 28.Kf2 Re7 29.
Nxd5 Rxd5 30.g4 Kf6 31.h3 Rd8 32.Na3 Rb8 33.Rab1 Ree8 34.Nc4 Rbd8 35.Re2 
Re7 36.Rh1 Rb8 37.Nb6 Kg6 38.Kg2 Rbe8 39.gxf5+ Kxf5 40.h4 Kg6 41.hxg5 hxg5
42.Re4 Rf8 43.Rh3 Rh7 44.Rxh7 Kxh7 45.Nd7 Rf5 46.Kg3 Rf7 47.Nb6 Kg6 48.Nc8
Bb8 49.Kg2 Kf6 50.Re1 Rh7 51.Rh1 Rxh1 52.Kxh1 e4 53.fxe4 Ke6 54.Nd6 Bxd6 
55.cxd6 Kxd6 56.Kg2 c5 57.bxc5+ Kxc5 58.Kf3 Kb5 59.e5 Kc6 60.Ke4 g4 61.
Kxd4 1-0

[Event "Xtracon Chess Open 2018"]
[Site "Elsinore"]
[Date "2018.07.24"]
[Round "5"]
[White "Berg, Klaus"]
[Black "Skjoldager, Per"]
[Result "1/2-1/2"]
[WhiteElo "2322"]
[BlackElo "2104"]
[EventDate "2018.07.21"]
[WhiteFideId "1400053"]
[BlackFideId "1408828"]

1.d4 Nf6 2.c4 e6 3.Nc3 d5 4.cxd5 exd5 5.Bg5 Be7 6.e3 Nbd7 7.Bd3 b6 8.Nf3 
Bb7 9.Qc2 c5 10.O-O O-O 11.Rad1 h6 12.Bh4 Re8 13.Rfe1 a6 14.Bf5 c4 15.Ne5 
Qc7 16.Bg3 Bd6 17.Nxd7 Nxd7 18.e4 Bxg3 19.hxg3 dxe4 20.Nxe4 Bxe4 21.Bxe4 
Rad8 22.b3 b5 23.bxc4 bxc4 24.Qa4 Nf6 25.Bc2 Rxe1+ 26.Rxe1 a5 1/2-1/2

[Event "Xtracon Chess Open 2018"]
[Site "Elsinore"]
[Date "2018.07.24"]
[Round "5"]
[White "Bebchuk, Leonid"]
[Black "Hobber, Anders"]
[Result "0-1"]
[WhiteElo "2072"]
[BlackElo "2312"]
[EventDate "2018.07.21"]
[WhiteFideId "2803305"]
[BlackFideId "1505424"]

1.e4 e6 2.d3 d5 3.Nd2 Nf6 4.Ngf3 b6 5.c3 Be7 6.Be2 O-O 7.O-O c5 8.Re1 Bb7 
9.Qc2 Nc6 10.Bf1 b5 11.b3 b4 12.c4 dxe4 13.dxe4 e5 14.Bb2 Qc7 15.Rad1 Nd4 
16.Nxd4 cxd4 17.Bd3 Nd7 18.Nf1 Nc5 19.Ng3 g6 20.Bc1 a5 21.Bh6 Rfe8 22.Rf1 
Bd6 23.f3 a4 24.Ne2 axb3 25.axb3 Ra3 26.Rb1 Rea8 27.Nc1 Ra1 28.Rxa1 Rxa1 
29.Ne2 Qa5 30.Rxa1 Qxa1+ 31.Kf2 Qb2 32.Qb1 Qxb3 33.Qxb3 Nxb3 34.Ke1 Nc5 
35.Bb1 Ba6 36.Bd2 Bxc4 37.Nc1 Na4 38.Bc2 Nc3 39.Bb3 Bb5 40.Bh6 Bf8 41.Bg5 
Kg7 42.Bd8 Bd6 43.Ba5 f5 44.Na2 Nxa2 45.Bxa2 fxe4 46.fxe4 Bd3 47.Bd5 b3 
48.Bxb3 Bxe4 49.g3 Bf5 50.Bb6 Be7 51.Bd5 Bf6 52.Bc7 h5 53.h4 e4 54.Ke2 g5 
55.hxg5 Bxg5 56.Be5+ Bf6 57.Bf4 Kg6 58.Bc6 Bg4+ 59.Kf2 Bf3 60.Be8+ Kg7 61.
Bd6 Bg5 62.Be5+ Kf8 63.Bb5 Be3+ 64.Ke1 Ke7 65.Bc4 d3 66.Bc3 Kd6 67.Ba6 Kc6
68.Bc4 Be2 69.Bb4 Bc5 70.Bc3 e3 71.Bd2 Bd4 72.Ba6 exd2+ 73.Kxd2 Kd5 74.
Bxd3 Bxd3 75.Kxd3 Bc5 76.Ke2 Ke4 77.Kf1 Ke5 0-1

[Event "Xtracon Chess Open 2018"]
[Site "Elsinore"]
[Date "2018.07.24"]
[Round "5"]
[White "Jessen, Alexander"]
[Black "Goff, Ronan Le"]
[Result "0-1"]
[WhiteElo "2071"]
[BlackElo "2295"]
[EventDate "2018.07.21"]
[WhiteFideId "1437917"]
[BlackFideId "612073"]

1.d4 Nf6 2.c4 e6 3.Nc3 Bb4 4.e3 O-O 5.Bd3 d5 6.Ne2 dxc4 7.Bxc4 e5 8.d5 c6 
9.O-O b5 10.Bd3 Bxc3 11.Nxc3 b4 12.Ne4 Nxe4 13.Bxe4 f5 14.Bf3 e4 15.dxc6 
exf3 16.Qxd8 Rxd8 17.c7 Rd6 18.cxb8=Q Rxb8 19.g3 Ba6 20.Re1 Rc8 21.h3 Rc2 
22.b3 Re2 23.Rf1 Rc6 24.a3 Ra2 25.Rxa2 Bxf1 26.Ra1 Bxh3 27.axb4 Rd6 28.Bb2
Bg2 29.Bxg7 Kxg7 30.Rxa7+ Kf8 31.Ra8+ Ke7 32.Ra7+ Kd8 33.Ra8+ Kc7 34.Ra1 
Rh6 0-1

[Event "Xtracon Chess Open 2018"]
[Site "Elsinore"]
[Date "2018.07.24"]
[Round "5"]
[White "Lammers, Markus"]
[Black "Johansen, Oivind"]
[Result "1-0"]
[WhiteElo "2293"]
[BlackElo "2105"]
[EventDate "2018.07.21"]
[WhiteFideId "4680847"]
[BlackFideId "1501119"]

1.d4 Nf6 2.c4 c5 3.Nf3 e6 4.Nc3 d5 5.cxd5 exd5 6.g3 Nc6 7.Bg2 Be7 8.O-O 
O-O 9.dxc5 Bxc5 10.Na4 Be7 11.Be3 Be6 12.Nd4 Nxd4 13.Bxd4 Qa5 14.Qb3 Rac8 
15.Rfd1 Rfd8 16.Qxb7 Kf8 17.Nc3 Rc7 18.Qb5 Qb4 19.Qxb4 Bxb4 20.Nb5 Rc2 21.
Nxa7 Rd7 22.a4 Bc5 23.Bxc5+ Rxc5 24.Nb5 Rc2 25.a5 Rxb2 26.a6 Rxb5 27.a7 
Rxa7 28.Rxa7 g6 29.Ra2 Rb4 30.Rc2 Ra4 31.Rb2 Rc4 32.h4 h5 33.f3 Rc6 34.Kh2
Ra6 35.Bh3 Bxh3 36.Kxh3 Ra3 37.Kg2 Rc3 38.Kf2 Ra3 39.Rb7 Ra5 40.Rc1 Ne8 
41.Rc8 1-0

[Event "Xtracon Chess Open 2018"]
[Site "Elsinore"]
[Date "2018.07.24"]
[Round "5"]
[White "Liabotro, Ola"]
[Black "Rewitz, Poul"]
[Result "0-1"]
[WhiteElo "2066"]
[BlackElo "2289"]
[EventDate "2018.07.21"]
[WhiteFideId "1512382"]
[BlackFideId "1401033"]

1.e4 g6 2.d4 Bg7 3.Nf3 c6 4.Nc3 d5 5.h3 Nf6 6.e5 Ne4 7.Nxe4 dxe4 8.Ng5 c5 
9.d5 O-O 10.Nxe4 Bxe5 11.c3 e6 12.Bc4 b5 13.Bxb5 exd5 14.Bh6 Bg7 15.Bxg7 
Kxg7 16.Ng3 Qb6 17.Ba4 Ba6 18.Qd2 Nc6 19.O-O-O Rab8 20.Bb3 Nd4 21.Bxd5 
Rfd8 22.c4 Bb7 23.Qc3 Qf6 24.Bxb7 Rxb7 25.Rd2 Re8 26.Kb1 h5 27.Rhd1 Rbe7 
28.f3 Re3 29.Rd3 Rxd3 30.Rxd3 Qg5 31.Ne4 Qxg2 32.a3 f6 33.Qd2 Qxd2 34.Rxd2
Nxf3 35.Rd7+ Kh6 36.Nxf6 Re6 37.Ng8+ Kg5 38.Rxa7 Kh4 39.Re7 Rxe7 40.Nxe7 
g5 41.Kc1 Kxh3 42.b4 Ne5 43.bxc5 Nd3+ 44.Kd2 Nxc5 45.Ke2 g4 46.Kf1 g3 47.
Kg1 Nd3 48.Nd5 Ne1 49.Ne3 g2 50.Nxg2 Nxg2 51.c5 Nf4 52.c6 Ne6 53.a4 Nc7 
54.a5 Kg3 55.Kh1 Na6 56.Kg1 h4 57.Kh1 h3 58.c7 Nxc7 59.Kg1 Na6 60.Kh1 Nc5 
0-1

[Event "Xtracon Chess Open 2018"]
[Site "Elsinore"]
[Date "2018.07.24"]
[Round "5"]
[White "Nielsen, Klaus"]
[Black "Jorgensen, Brian"]
[Result "1/2-1/2"]
[WhiteElo "2057"]
[BlackElo "2281"]
[EventDate "2018.07.21"]
[WhiteFideId "1410210"]
[BlackFideId "1401599"]

1.d4 f5 2.c4 Nf6 3.Nc3 d6 4.g3 g6 5.Bg2 Bg7 6.Nf3 O-O 7.O-O Qe8 8.Qb3 e5 
9.c5+ Kh8 10.cxd6 cxd6 11.dxe5 dxe5 12.e4 Nc6 13.exf5 gxf5 14.Be3 Be6 15.
Qa4 e4 16.Ng5 Nd7 17.Nxe6 Qxe6 18.Ne2 Nb6 19.Nf4 Qe5 20.Bxb6 axb6 21.Qd1 
Qxb2 22.Rb1 Qxa2 23.Rxb6 Qf7 24.Qb1 Rfb8 25.Bh3 Bd4 26.Rb5 Ne5 27.Qb4 Nf3+
28.Kh1 Be5 29.Bg2 Bxf4 30.Bxf3 Bh6 31.Bg2 Ra6 32.Rb1 Rc6 33.Bh3 Qh5 34.
Qd4+ Bg7 35.Qxe4 fxe4 36.Rxh5 Rc2 37.Bf5 Rxf2 38.Rxh7+ Kg8 39.Bxe4 b5 40.
Rh5 b4 41.Bd5+ Kf8 42.Rh4 Bc3 43.Rc4 Re8 44.Re4 Rd8 45.Kg1 Rf5 46.Be6 Rf6 
47.Rf1 Rxf1+ 48.Kxf1 Rd2 49.Re2 Rxe2 50.Kxe2 Kg7 51.Kf3 Kf6 52.Bb3 Kg5 53.
h4+ Kh6 54.Bf7 Be1 55.Kg4 Bxg3 56.Kxg3 Kg7 1/2-1/2

[Event "Xtracon Chess Open 2018"]
[Site "Elsinore"]
[Date "2018.07.24"]
[Round "5"]
[White "Baum, Bernd"]
[Black "Schultz-Pedersen, Jesper"]
[Result "1/2-1/2"]
[WhiteElo "2280"]
[BlackElo "2057"]
[EventDate "2018.07.21"]
[WhiteFideId "4611853"]
[BlackFideId "1404482"]

1.Nf3 d5 2.d4 c5 3.g3 e6 4.Bg2 Nf6 5.O-O cxd4 6.Nxd4 Be7 7.c4 O-O 8.cxd5 
Nxd5 9.e4 Nb4 10.Nc3 N8c6 11.Be3 Nxd4 12.Bxd4 Nc6 13.Be3 Qa5 14.Qb3 Rd8 
15.Rfd1 Bd7 16.Rd2 b6 17.Rad1 Be8 18.a3 Qh5 19.Rxd8 Rxd8 20.Rxd8 Bxd8 21.
Qb5 1/2-1/2

[Event "Xtracon Chess Open 2018"]
[Site "Elsinore"]
[Date "2018.07.24"]
[Round "5"]
[White "Storme, Isak"]
[Black "Christiansen, Jens Jorgen"]
[Result "1/2-1/2"]
[WhiteElo "2277"]
[BlackElo "2086"]
[EventDate "2018.07.21"]
[WhiteFideId "1728113"]
[BlackFideId "1401670"]

1.e4 c6 2.d4 d5 3.exd5 cxd5 4.c4 Nf6 5.Nc3 g6 6.Qb3 Bg7 7.cxd5 O-O 8.Be2 
Nbd7 9.Bf3 Nb6 10.Nge2 Bg4 11.Bxg4 Nxg4 12.a4 Nf6 13.Nf4 a5 14.O-O Qd6 15.
Re1 Rfd8 16.Bd2 Qb4 17.Qc2 Rac8 18.Nd3 Qc4 19.Nc5 Nbxd5 20.Nxb7 Rd7 21.Nc5
Nb4 22.Qd1 Rxd4 23.Nb3 Rd7 24.Nxa5 Qd3 25.Qb3 Nc2 26.Rad1 Nxe1 27.Bxe1 Qf5
28.Nb5 Qc2 29.Qxc2 Rxc2 30.Rb1 Nd5 31.b3 Nc7 32.Nxc7 Rdxc7 33.Nc4 Bd4 34.
Kf1 e5 35.a5 Ra2 36.Ne3 Rb7 37.Nc4 f5 38.b4 Rc7 39.Ne3 f4 40.Nd5 Rcc2 41.
b5 Rab2 42.Rxb2 Rxb2 43.b6 Kf7 44.Nb4 Ke6 45.b7 Ba7 46.Nc6 Kd7 47.Nxe5+ 
Kc7 48.Nd3 Rxb7 49.Nxf4 Rb2 50.g3 Kd6 1/2-1/2

[Event "Xtracon Chess Open 2018"]
[Site "Elsinore"]
[Date "2018.07.24"]
[Round "5"]
[White "Song, Edward"]
[Black "Nielsen, Jorgen Lovgren"]
[Result "1-0"]
[WhiteElo "2275"]
[BlackElo "2051"]
[EventDate "2018.07.21"]
[WhiteFideId "2051192"]
[BlackFideId "1403850"]

1.Nf3 g6 2.e4 Bg7 3.d4 d6 4.Bc4 Nf6 5.Qe2 d5 6.exd5 Nxd5 7.O-O Nc6 8.c3 
O-O 9.Re1 h6 10.Nbd2 Re8 11.Bb5 Bd7 12.Ne4 a6 13.Bxc6 Bxc6 14.Ne5 Bd7 15.
Nc5 Bc8 16.Qf3 Rf8 17.Bd2 c6 18.Rad1 Qb6 19.b3 Qc7 20.c4 Nf6 21.Bf4 Qa5 
22.a4 Rd8 23.Kf1 Qb6 24.h3 Bf5 25.g4 Bc8 26.Qe3 g5 27.Bg3 Bf8 28.f4 Nh7 
29.f5 Nf6 30.h4 Nh7 31.Kg2 a5 32.Rh1 Bg7 33.hxg5 hxg5 34.Nxf7 Rf8 35.Nxg5 
Nf6 36.Nge6 Nxg4 37.Qg5 Bxe6 38.Nxe6 Ne3+ 39.Qxe3 1-0

[Event "Xtracon Chess Open 2018"]
[Site "Elsinore"]
[Date "2018.07.24"]
[Round "5"]
[White "Gonzalez, Francisco Silva"]
[Black "Bach, Matthias"]
[Result "1/2-1/2"]
[WhiteElo "2045"]
[BlackElo "2267"]
[EventDate "2018.07.21"]
[WhiteFideId "1512285"]
[BlackFideId "4603168"]

1.d4 Nf6 2.c4 c5 3.d5 e6 4.Nc3 exd5 5.cxd5 d6 6.Nf3 g6 7.Bf4 Bg7 8.h3 O-O 
9.e3 Na6 10.Bc4 Nc7 11.a4 Qe7 12.O-O Nd7 13.a5 Rb8 14.Na4 Ne5 15.Nxe5 Bxe5
16.Nxc5 Bxf4 17.exf4 dxc5 18.d6 Qd8 19.dxc7 Qxc7 20.Qf3 b5 21.axb6 axb6 
22.Rfe1 Bb7 23.Ra7 Qc8 24.Qe3 Qc6 25.Qg3 b5 26.Bd3 Qb6 27.Raa1 c4 28.Bf1 
Qf6 29.Re5 Bc8 30.b3 Be6 31.b4 Rfd8 32.Kh2 Bf5 33.Qc3 Bd3 34.g3 Qb6 35.Rc5
Qd6 36.Bg2 Rdc8 37.Rd5 Qb6 38.Kg1 Rd8 39.Rc5 Rbc8 40.Re5 Qf6 41.Bb7 Rb8 
42.Ra6 Rd6 43.Rxd6 Qxd6 44.Bd5 Bf5 45.g4 Be6 46.Bxe6 fxe6 47.g5 Rf8 48.Qe1
Re8 49.h4 Kf7 50.h5 Qd4 51.hxg6+ hxg6 52.Re4 Qd3 53.Re3 Qf5 54.Qd1 Re7 55.
Qd4 Qg4+ 56.Kf1 Qf5 57.Kg1 Qg4+ 58.Kh2 e5 59.Rxe5 Qh4+ 60.Kg1 Qg4+ 61.Kh2 
1/2-1/2

[Event "Xtracon Chess Open 2018"]
[Site "Elsinore"]
[Date "2018.07.24"]
[Round "5"]
[White "Andersson, Lars"]
[Black "Nilsson, Patrik 1978"]
[Result "0-1"]
[WhiteElo "2022"]
[BlackElo "2229"]
[EventDate "2018.07.21"]
[WhiteFideId "1706772"]
[BlackFideId "1708171"]

1.f4 d5 2.Nf3 Bg4 3.e3 Nd7 4.h3 Bxf3 5.Qxf3 c6 6.d4 Ngf6 7.Bd3 e6 8.g4 h6 
9.O-O Qc7 10.Nd2 O-O-O 11.c4 g5 12.fxg5 hxg5 13.e4 dxe4 14.Nxe4 Nxe4 15.
Bxe4 Be7 16.Be3 f5 17.Bd3 Nf6 18.Bxf5 exf5 19.Qxf5+ Nd7 20.Kg2 Rxh3 21.
Kxh3 Rh8+ 22.Kg2 Qh2+ 23.Kf3 Rh3+ 24.Ke4 Qc2# 0-1

[Event "Xtracon Chess Open 2018"]
[Site "Elsinore"]
[Date "2018.07.24"]
[Round "5"]
[White "Laustsen, Lars"]
[Black "Mortensen, Rogvi"]
[Result "1-0"]
[WhiteElo "2219"]
[BlackElo "2047"]
[EventDate "2018.07.21"]
[WhiteFideId "1407554"]
[BlackFideId "7202369"]

1.d4 Nf6 2.c4 e6 3.g3 d5 4.Nf3 Be7 5.Bg2 O-O 6.O-O dxc4 7.Qc2 a6 8.a4 Bd7 
9.Qxc4 Bc6 10.Bf4 Bd6 11.Qc1 a5 12.Nc3 Bxf3 13.Bxf3 c6 14.Rd1 Bxf4 15.Qxf4
Na6 16.e4 Nb4 17.Rd2 Qb6 18.Re1 Rad8 19.e5 Nfd5 20.Qh4 c5 21.dxc5 Qxc5 22.
Ne4 Qe7 23.Qxe7 Nxe7 24.Rxd8 Rxd8 25.Nd6 Nd3 26.Re2 b6 27.Nc4 Rb8 28.Rd2 
Nc5 29.Nxb6 g6 30.Nd7 Nxd7 31.Rxd7 Kf8 32.Ra7 Rxb2 33.Ra8+ Kg7 34.Rxa5 Ra2
35.Ra7 Nf5 36.Be4 Nd4 37.f4 Re2 38.Ba8 g5 39.fxg5 Rxe5 40.h4 Re3 41.Kf2 
Re2+ 42.Kf1 Re3 43.Rd7 Nf5 44.a5 Ra3 45.Ra7 Nxg3+ 46.Kf2 Nf5 47.h5 Nd6 48.
Bc6 Rc3 49.Ra6 Ra3 50.Ra8 h6 51.gxh6+ Kxh6 52.a6 Kg7 53.Ke2 Nf5 54.Kd2 Nd4
55.Be8 f5 56.a7 Kf6 57.h6 Nf3+ 58.Kc2 Ng5 59.Bh5 Nh7 60.Kb2 Ra5 61.Kb3 Kg5
62.Bf7 Kxh6 63.Bxe6 f4 64.Kb4 Ra1 65.Bd5 Kg7 66.Rg8+ 1-0

[Event "Xtracon Chess Open 2018"]
[Site "Elsinore"]
[Date "2018.07.24"]
[Round "5"]
[White "Skousen, Nikolai"]
[Black "Hansen, Svein E"]
[Result "1-0"]
[WhiteElo "2203"]
[BlackElo "2041"]
[EventDate "2018.07.21"]
[WhiteFideId "1401432"]
[BlackFideId "1519727"]

1.g3 Nf6 2.Bg2 d5 3.Nf3 c5 4.O-O Nc6 5.d4 e6 6.c4 Be7 7.cxd5 exd5 8.Nc3 
O-O 9.dxc5 Bxc5 10.Bg5 d4 11.Bxf6 Qxf6 12.Nd5 Qd8 13.Nd2 Be6 14.Nf4 Qd7 
15.Qa4 Rac8 16.Rac1 Bb6 17.Nc4 Bxc4 18.Rxc4 Ne5 19.Qxd7 Nxd7 20.Rfc1 Rxc4 
21.Rxc4 Ne5 22.Rc2 g5 23.Nd5 Bd8 24.Rc8 Nc6 25.b4 Ne7 26.Rxd8 Rxd8 27.
Nxe7+ Kf8 28.Nf5 d3 29.exd3 Rxd3 30.Bxb7 Rd1+ 31.Kg2 Rb1 32.a3 a5 33.Be4 
Rb3 34.bxa5 Rxa3 35.Ne3 Rxa5 36.Bxh7 Kg7 37.Be4 f6 38.Kf3 Ra3 39.h3 Rb3 
40.Kg4 Rb4 41.f3 Ra4 42.Kh5 Ra5 43.Nf5+ Kf7 44.Kh6 Ke6 45.Kg6 Ra1 46.Nd4+ 
Ke5 47.Nc6+ Ke6 48.Bf5+ Kd6 49.Kxf6 Rg1 50.Nd8 Rxg3 51.Nf7+ Kd5 52.Nxg5 
Rg1 53.h4 Rh1 54.Bh3 Ra1 55.h5 Ra6+ 56.Be6+ 1-0

[Event "Xtracon Chess Open 2018"]
[Site "Elsinore"]
[Date "2018.07.24"]
[Round "5"]
[White "Moe, Mogens"]
[Black "Pakmor, Claus"]
[Result "1/2-1/2"]
[WhiteElo "2199"]
[BlackElo "2023"]
[EventDate "2018.07.21"]
[WhiteFideId "1400550"]
[BlackFideId "1431609"]

1.e4 e5 2.Nf3 Nc6 3.d4 exd4 4.Nxd4 Nf6 5.Nxc6 bxc6 6.e5 Qe7 7.Qe2 Nd5 8.c4
Nb6 9.Nc3 Qe6 10.Qe4 g6 11.Bd3 Bg7 12.O-O O-O 13.f4 d5 14.cxd5 cxd5 15.Qb4
c6 16.Ne2 Rd8 17.Be3 Bf8 18.Bc5 Bxc5+ 19.Qxc5 Nd7 20.Qa5 Bb7 21.b4 Qe7 22.
Kh1 f6 23.Qc7 Rab8 24.exf6 Qxf6 25.f5 g5 26.Ng3 Qe5 27.Qa5 Qd4 28.Rad1 Nf6
29.Qa3 Ba8 30.Qc1 h6 31.a3 Re8 32.Bb5 Qb6 33.Be2 Re3 34.Qa1 Rf8 35.Nh5 Qd8
36.Bf3 Nxh5 37.Bxh5 Qf6 38.Qc1 Qc3 39.Qxc3 Rxc3 40.f6 Rxa3 41.f7+ Kg7 42.
Rde1 Rb3 43.Re8 Rxb4 44.h3 c5 45.Ra1 d4 46.Rxa7 Bb7 47.Re7 Bd5 48.Rad7 Bc6
49.Rd6 Ba4 50.Re8 Rb8 51.Rg6+ Kh7 52.Rg8 Rb1+ 53.Kh2 Rxf7 54.Bxf7 Bxe8 55.
Rxe8 Rc1 56.Rd8 Kg7 57.Bh5 Kf6 58.Kg3 Ke5 59.Bf3 Rc2 60.Kg4 Rc3 61.Re8+ 
Kd6 62.Kf5 d3 63.Re6+ Kd7 64.Ke5 c4 65.Rxh6 Rc1 66.Rd6+ Ke7 67.Re6+ Kd7 
68.Rg6 c3 69.Rd6+ Ke7 70.Rxd3 c2 71.Rc3 Re1+ 72.Kf5 c1=Q 73.Rxc1 Rxc1 74.
Kxg5 Kf8 75.Be4 Kg7 76.g4 Rc5+ 77.Bf5 Ra5 78.h4 Ra4 79.h5 Rxg4+ 1/2-1/2

[Event "Xtracon Chess Open 2018"]
[Site "Elsinore"]
[Date "2018.07.24"]
[Round "5"]
[White "Hakansson, Stefan"]
[Black "Ingvason, Johann"]
[Result "0-1"]
[WhiteElo "2019"]
[BlackElo "2189"]
[EventDate "2018.07.21"]
[WhiteFideId "1708198"]
[BlackFideId "2301431"]

1.d4 d5 2.c4 c6 3.cxd5 cxd5 4.Nc3 Nc6 5.Bf4 e6 6.Nf3 Bd6 7.Bxd6 Qxd6 8.e3 
f5 9.Bb5 Ne7 10.Ne5 O-O 11.f4 Bd7 12.O-O Be8 13.Rc1 Kh8 14.Kh1 Ng8 15.a3 
Nf6 16.h3 a6 17.Bd3 b5 18.b4 Ne7 19.Qe2 Nc8 20.Nb1 Nb6 21.g4 g6 22.g5 Ng8 
23.Nd2 Nc4 24.Ra1 Ne7 25.Nb3 Nc6 26.Nc5 Ra7 27.Kh2 N6xe5 28.dxe5 Nxe5 29.
fxe5 Qxe5+ 30.Kg1 Qg3+ 31.Qg2 Qxe3+ 32.Kh2 Qe5+ 33.Kg1 Qd6 34.Rae1 e5 35.
Qb2 Re7 36.Bb1 Bc6 37.Re2 d4 38.Be4 Be8 39.Bc2 Bf7 40.Rfe1 e4 41.Rd2 Qg3+ 
42.Rg2 Qxe1+ 0-1

[Event "Xtracon Chess Open 2018"]
[Site "Elsinore"]
[Date "2018.07.24"]
[Round "5"]
[White "Leutwyler, Martin"]
[Black "Stern, Geoffrey"]
[Result "1/2-1/2"]
[WhiteElo "2185"]
[BlackElo "2008"]
[EventDate "2018.07.21"]
[WhiteFideId "1301969"]
[BlackFideId "4002679"]

1.d4 d5 2.Nf3 Nf6 3.c4 e6 4.g3 dxc4 5.Bg2 c5 6.O-O Nc6 7.dxc5 Qxd1 8.Rxd1 
Bxc5 9.Nbd2 c3 10.bxc3 O-O 11.Ne1 Bd7 12.Nd3 Be7 13.Bb2 Rfd8 14.c4 Rac8 
15.c5 Be8 16.Rab1 Rc7 17.Rdc1 Nd5 18.Nc4 f6 19.Bh3 f5 20.Nce5 Nxe5 21.Bxe5
Rcd7 22.e4 Nf6 23.Nf4 Nxe4 24.Nxe6 Nd2 25.Nxd8 Nxb1 26.Rxb1 Rxd8 27.Bxf5 
Bxc5 28.Be6+ Kf8 29.Bf4 Bc6 1/2-1/2

[Event "Xtracon Chess Open 2018"]
[Site "Elsinore"]
[Date "2018.07.24"]
[Round "5"]
[White "Tiarks, Jann-Christian"]
[Black "Jensen, Morten Frank"]
[Result "1-0"]
[WhiteElo "2179"]
[BlackElo "2007"]
[EventDate "2018.07.21"]
[WhiteFideId "12951595"]
[BlackFideId "1407325"]

1.e4 g6 2.d4 Bg7 3.Nc3 c5 4.Nf3 Qa5 5.d5 d6 6.Bd2 Nf6 7.h3 O-O 8.Bd3 Na6 
9.O-O Qd8 10.Re1 e6 11.Qc1 Nb4 12.Bc4 exd5 13.Bxd5 Nfxd5 14.Nxd5 Nxd5 15.
exd5 b5 16.Bh6 Bb7 17.Bxg7 Kxg7 18.Qd2 Qf6 19.Re4 Rae8 20.Rh4 h5 21.c3 Re7
22.Rf4 Re2 23.Qxe2 Qxf4 24.Rd1 Qf5 25.Qe7 Bxd5 26.Nh4 Qe6 27.Nxg6 Qxe7 28.
Nxe7 Bxa2 29.Rxd6 Be6 30.Nc6 a6 31.Ne5 Ra8 32.Nd3 c4 33.Nc5 a5 34.Rb6 a4 
35.Nxe6+ fxe6 36.Rxb5 a3 37.bxa3 Rxa3 38.Rxh5 Rxc3 39.Rc5 Kf6 40.h4 Rc2 
41.g4 c3 42.Kg2 Rc1 43.h5 c2 44.g5+ Ke7 45.h6 Ra1 46.Rxc2 Ra5 47.f4 Kf7 
48.Rc7+ Kg6 49.Rg7+ Kf5 50.h7 Ra2+ 51.Kf3 Ra3+ 52.Ke2 1-0

[Event "Xtracon Chess Open 2018"]
[Site "Elsinore"]
[Date "2018.07.24"]
[Round "5"]
[White "Jacobsen, Heidrikur T."]
[Black "Nielsen, Andre"]
[Result "0-1"]
[WhiteElo "1918"]
[BlackElo "2178"]
[EventDate "2018.07.21"]
[WhiteFideId "7200340"]
[BlackFideId "1518240"]

1.d4 Nf6 2.c4 e6 3.Nc3 Bb4 4.Qc2 O-O 5.Nf3 d6 6.e4 e5 7.d5 Bxc3+ 8.bxc3 
Na6 9.Bg5 Nc5 10.Bd3 h6 11.Bxf6 Qxf6 12.O-O b6 13.Nd2 Qg5 14.f4 exf4 15.
Nf3 Qg4 16.Nd4 f5 17.Rae1 fxe4 18.Bxe4 Nxe4 19.Qxe4 Bd7 20.h3 Qg3 21.Rf3 
Qg5 22.Ne6 Bxe6 23.Qxe6+ Rf7 24.Re4 Qf5 25.Qxf5 Rxf5 26.Rfxf4 Rxf4 27.Rxf4
Re8 28.Kf2 g6 29.g3 a5 30.a4 Re5 31.Rd4 g5 32.g4 Kf7 33.Rd3 Re4 34.Rd4 Re7
35.Rd3 Re4 36.Rd4 Re5 37.Rd3 Ke7 38.Re3 Kd7 39.Rd3 c6 40.Rd4 c5 41.Rd3 Re4
42.Rf3 Rxc4 43.Rf7+ Ke8 44.Rf6 Ke7 45.Re6+ Kd7 46.Rxh6 Rxc3 47.h4 gxh4 48.
Rxh4 Rd3 49.Rh7+ Ke8 50.Rb7 Rxd5 51.Rxb6 Kd7 52.Rb5 Rd4 53.Rxa5 Rxg4 54.
Ke3 Rd4 55.Ra8 Kc7 56.Ra7+ Kb6 57.Ra8 Kb7 58.Ra5 Rc4 59.Kd3 Rb4 60.Kc3 Rb6
61.Kc4 Ra6 62.Rb5+ Kc6 63.Kb3 Rb6 0-1

[Event "Xtracon Chess Open 2018"]
[Site "Elsinore"]
[Date "2018.07.24"]
[Round "5"]
[White "Gula, Julian"]
[Black "Ivarsson, Torbjorn"]
[Result "1/2-1/2"]
[WhiteElo "1909"]
[BlackElo "2161"]
[EventDate "2018.07.21"]
[WhiteFideId "12954799"]
[BlackFideId "1705865"]

1.Nf3 e6 2.b3 Nf6 3.Bb2 c5 4.e3 Nc6 5.Be2 Be7 6.c4 O-O 7.O-O b6 8.d4 cxd4 
9.Nxd4 Nxd4 10.Qxd4 Bb7 11.Rd1 Qc8 12.Nc3 Rd8 13.Rac1 Qc5 14.Qf4 h6 15.h4 
Qc6 16.Bf3 Qc8 17.e4 d6 18.Nb5 e5 19.Qe3 Qc6 20.Nc3 Rac8 21.Ba3 a6 22.Qe2 
Qc7 23.g3 Bc6 24.Rc2 b5 25.Nd5 Bxd5 26.exd5 Qa5 27.Bc1 bxc4 28.Rxc4 Rxc4 
29.Qxc4 Qxa2 30.Be3 Qa5 31.b4 Qb5 32.Qc7 Rd7 33.Qc8+ Kh7 34.g4 e4 35.Bxe4+
Nxe4 36.Qc2 g6 37.Qxe4 Qe2 38.Rc1 Bxh4 39.Qc4 Qf3 40.Rc3 Re7 41.Qf4 Bxf2+ 
42.Kf1 Qxf4 43.Bxf4 Bd4 44.Bxd6 Bxc3 45.Bxe7 Kg7 46.Ke2 f6 47.Kd3 Kf7 48.
Bc5 Be5 49.Ke4 Bg3 50.Kf3 Be1 51.Ke2 Bg3 52.Kf3 Bh2 53.Kg2 Be5 54.Kf3 Ke8 
55.Be3 Bd6 56.Bd2 Kd7 57.Ke4 Ke7 58.Kd4 h5 59.gxh5 gxh5 60.Be1 Kf7 61.Kc4 
Ke7 62.Bh4 Kf7 63.b5 a5 64.b6 a4 65.b7 a3 66.Kb3 Ke8 67.Bxf6 Kd7 68.b8=Q 
Bxb8 69.Kxa3 Kd6 70.Kb3 Kxd5 71.Kc2 Ke4 72.Kd2 Kf3 73.Ke1 1/2-1/2

[Event "Xtracon Chess Open 2018"]
[Site "Elsinore"]
[Date "2018.07.24"]
[Round "5"]
[White "Vesterli, Michael E."]
[Black "Schmitt, Carsten"]
[Result "1-0"]
[WhiteElo "2159"]
[BlackElo "1997"]
[EventDate "2018.07.21"]
[WhiteFideId "1417339"]
[BlackFideId "24675253"]

1.d4 d5 2.c4 e6 3.Nf3 c5 4.cxd5 exd5 5.g3 Nf6 6.Bg2 Be7 7.O-O O-O 8.Nc3 
Nc6 9.Bg5 c4 10.Ne5 Be6 11.b3 Qa5 12.Nxc6 bxc6 13.Qd2 Rad8 14.Rfd1 Qa6 15.
bxc4 dxc4 16.e4 h6 17.Bf4 Bb4 18.Qc2 Qa5 19.Na4 Rd7 20.a3 Be7 21.Nb2 Qb5 
22.a4 Qb3 23.Rac1 Ba3 24.Nxc4 Qxc2 25.Rxc2 Bxc4 26.Rxc4 Rfd8 27.f3 c5 28.
d5 Rb7 29.Be3 Nd7 30.Rc2 Rb3 31.Kf2 Ne5 32.Bf1 f5 33.Bf4 Rxf3+ 34.Kg2 Rxf4
35.gxf4 Ng4 36.Rd3 Bb4 37.e5 Rxd5 38.Rxd5 Ne3+ 39.Kf3 Nxc2 40.e6 Kf8 41.
Rd7 c4 42.Bxc4 Bc5 43.Kg3 Ne3 44.Rf7+ Ke8 45.Bb5+ Kd8 46.Rd7+ Kc8 47.Ba6+ 
1-0